Beliebteste Jetpunkquizze - Statistiken

Allgemein
  • Dieses Quiz wurde 61 mal gespielt
  • Das Durchschnittsergebnis liegt bei 3 aus 10
Antwortstatistiken
Platz Antwort % Korrekt
1 Länder der Welt Quiz
98%
4 Länder Europas Quiz
56%
8 Hauptstädte der Welt Quiz
44%
7 Länder Afrikas Quiz
40%
2 Weltkarte ohne 20 zufällige Länder
35%
3 Bundesstaaten der USA Quiz
24%
6 Deutsche Großstädte
15%
5 Länder mit Grenzen in 90 Sekunden
9%
10 Länder der Erde mit einer leeren Karte
5%
9 Länder nach ersten und letzten beiden Buchstaben
4%
Keine übereinstimmenden Quizze gefunden
Verteilung der Resultate
Anzahl Personen mit jedem Resultat
Perzentil nach korrekt beantworteten Fragen
Ihre Resultats-Entwicklung
Sie haben dieses Quiz noch nicht gespielt